000 00431nam a2200169Ia 4500
008 230711s9999||||xx |||||||||||||| ||und||
020 _a978-3-319-25380-0
041 _aENG
082 _a539.7
_bPO-R
100 _aPodgorsak,Ervin B
245 0 _aRadiation Physics for Medical Science
250 _a3rd Ed.
260 _c2016
_aNew York
_bSpringer Science & Business Media
300 _a906p.
650 _aPhysics
942 _cBK
999 _c6767
_d6767